| 000 | 00885nam a2200217 4500 | ||
|---|---|---|---|
| 001 | 144100 | ||
| 003 | ES-MaACL | ||
| 005 | 20230906200937.0 | ||
| 007 | t| | ||
| 008 | 070214s1983 sp r ||||1| spa d | ||
| 111 | 2 |
_aSimposio Alcohol y Energía ( _cValencia ( _d1981) _9135218 |
|
| 245 | 1 | 0 |
_aSimposio Alcohol y Energía _b: celebrado en la sede de la Fundación Valenciana de Estudios Avanzados : Valencia, 11 y 12 de diciembre de 1981. |
| 260 |
_aMadrid : _bInstituto Nacional de Investigaciones Agrarias, _c1983. |
||
| 300 |
_a167 p., 3 lám. : _bil. ; _c24 cm. |
||
| 490 | 1 |
_aMonografías I. N. I. A. ; _v47 |
|
| 710 | 2 |
_aInstituto Nacional de Investigaciones Agrarias (España) _95168 |
|
| 710 | 2 |
_aFundación Valenciana de Estudios Avanzados. _94429 |
|
| 830 | 0 |
_aMonografías I. N. I. A. ; _v47 _9177538 |
|
| 852 |
_aES-MaACL _jL-5838 _bR.106283 |
||
| 999 |
_c144100 _d144100 |
||